Acompañando la elección vocacional de los hijos : (Record no. 195084)

MARC details
000 -CABECERA
campo de control de longitud fija 00648nam a2200205 a 4500
005 - FECHA Y HORA DE LA ÚLTIMA TRANSACCIÓN
campo de control 20230315063932.0
008 - ELEMENTOS DE LONGITUD FIJA--INFORMACIÓN GENERAL
campo de control de longitud fija 180219s2016 mx r 000 0 spa d
020 ## - NÚMERO INTERNACIONAL NORMALIZADO PARA LIBROS
Número Internacional Estándar del Libro 9789875384682
035 ## - NÚMERO DE CONTROL DEL SISTEMA
Número de control de sistema UPN01000222987
049 ## - COLECCIÓN
Colección CG
050 #4 - SIGNATURA TOPOGRÁFICA DE LA BIBLIOTECA DEL CONGRESO
Número de clasificación LC1043
Número de documento/Ítem C7.3
100 1# - ASIENTO PRINCIPAL--NOMBRE PERSONAL
Nombre de persona Crouzel, Cecilia M.,
Fechas asociadas al nombre 1963-
9 (RLIN) 41477
245 10 - MENCIÓN DE TÍTULO
Título Acompañando la elección vocacional de los hijos :
Resto del título ideas para fortalecer la autonomía adolescente /
Mención de responsabilidad, etc. Cecilia M. Crouzel.
260 ## - PUBLICACIÓN, DISTRIBUCIÓN, ETC.
Lugar de publicación, distribución, etc. Buenos Aires :
Nombre del editor, distribuidor, etc. Noveduc,
Fecha de publicación, distribución, etc. 2016.
300 ## - DESCRIPCIÓN FÍSICA
Extensión 127 p. :
Otras características físicas il., figs., cuadros
440 #0 - MENCIÓN DE SERIE/ASIENTO SECUNDARIO--TÍTULO
Título Lazos ;
Designación de volumen o secuencia 9
650 #4 - ASIENTO SECUNDARIO DE MATERIA - TERMINO TEMATICO
Término de materia o nombre geográfico como elemento de entrada Orientación vocacional
9 (RLIN) 5
905 ## - TIPO DE MATERIAL
Tipo de material Libro
Holdings
Estado de retiro Estado de pérdida Fuente del sistema de clasificación o colocación Estado dañado No para préstamo Código de colección Localización permanente Ubicación/localización actual Ubicación en estantería Fecha de adquisición Total de préstamos Renovaciones totales Clasificación Código de barras Fecha visto por última vez Fecha del último préstamo Número de copia Tipo de ítem Koha
    Library of Congress Classification     Colección General Bib. Gregorio Torres Quintero Bib. Gregorio Torres Quintero Planta baja 27/04/2022 10 1 LC1043 C7.3 322298 24/03/2025 17/02/2025 1 Libro
    Library of Congress Classification     Colección General Bib. Gregorio Torres Quintero Bib. Gregorio Torres Quintero Planta baja 09/09/2022 8   LC1043 C7.3 322300 31/10/2023 13/10/2023 1 Libro
    Library of Congress Classification     Colección General Bib. Gregorio Torres Quintero Bib. Gregorio Torres Quintero Planta baja 27/04/2022 7   LC1043 C7.3 322299 17/11/2023 08/11/2023 1 Libro